00495nam a2200181Ia 4500001001000000003000500010008004100015010001100056040000900067082001700076100002100093245006200114260004400176300001100220500002300231650003200254650002700286Para_9001CHAP220125s2000 xx 000 0 und d a207779 cCHAP aPA 646.7 D63 aJohnson, Spencer a¿Quién se ha llevado mi queso? /c por Spencer Johnson aBarcelona, España :b Ediciones Urano a106 p. aReimpresión 2012 aMotivación (psicología) aSuperación personal